Statistiken für Tiere A-Z nach Bild

Klicken Sie hier um das Quiz zu spielen!

Allgemein

  • Dieses Quiz wurde 2,079 mal gespielt
  • Das Durchschnittsergebnis liegt bei 20 aus 25

Antwortstatistiken

Answer % Korrekt
Lama
98%
Hai
98%
Eichhörnchen
98%
Pferd
98%
Bison
98%
Wolf
97%
Nashorn
97%
Jaguar
97%
Mammut
97%
Gans
97%
Alligator
96%
Zebra
96%
Uhu
95%
Falke
95%
Seepferdchen
94%
Yak
87%
Rentier
86%
Truthahn
85%
Dodo
68%
Ozelot
62%
Velociraptor
39%
Impala
28%
Kea
24%
Capybara
16%
Quetzal
14%

Verteilung der Resultate

Perzentil nach korrekt beantworteten Fragen

Anzahl Personen mit jedem Resultat

Ihre Resultats-Entwicklung

Sie haben dieses Quiz noch nicht gespielt